| 000 | 01448cam a2200157 4500500 | ||
|---|---|---|---|
| 005 | 20260208005844.0 | ||
| 041 | _afre | ||
| 042 | _adc | ||
| 100 | 1 | 0 |
_aBoudou, Bénédicte _eauthor |
| 245 | 0 | 0 | _aÉtudes rabelaisiennes, tome XLII, T.H.R. n° 379, Genève, Droz, 2003. Un vol. 18 × 25 de 142 p. |
| 260 | _c2006. | ||
| 500 | _a71 | ||
| 520 | _aUn halo de légende entourait les dîners hebdomadaires de la Société-du-Bout-du-Banc et ses publications. Mme de Graffigny le dissipe. En 1743-1745, elle nous fait suivre presque au jour le jour, au fil de ses lettres savoureuses, l’élaboration du Recueil de ces Messieurs auquel elle participe. On saisit les mécanismes du fonctionnement de cet atelier littéraire organisé et dirigé par Mlle Quinault et le comte de Caylus. On impose à chacun un sujet, un certain style, des contrôles au cours du travail, éventuellement des corrections, une lecture devant un aréopage qui peut refuser le manuscrit. Quelle que soit leur notoriété, les membres de l’équipe acceptent ces contraintes avec bonne humeur. La rigueur n’exclut d’ailleurs pas la facétie : on en jugera par la Table des matières, l’Avertissement et la Postface de Duclos. | ||
| 786 | 0 | _nRevue d'histoire littéraire de la France | 106 | 2 | 2006-03-01 | p. 423a-483a | 0035-2411 | |
| 856 | 4 | 1 | _uhttps://shs.cairn.info/revue-d-histoire-litteraire-de-la-france-2006-2-page-423a?lang=fr&redirect-ssocas=7080 |
| 999 |
_c1654128 _d1654128 |
||